Statistiken für Ergebnisdiagramm der Fußball-Weltmeisterschaft 1930

Klicken Sie hier um das Quiz zu spielen!

Allgemein

  • Dieses Quiz wurde 62 mal gespielt
  • Das Durchschnittsergebnis liegt bei 9 aus 13

Antwortstatistiken

Nation % Korrekt
Uruguay
98%
Brasilien
98%
Frankreich
93%
Argentinien
90%
USA
83%
Mexiko
79%
Belgien
64%
Chile
60%
Peru
57%
Bolivien
52%
Jugoslawien
52%
Paraguay
45%
Rumänien
33%

Verteilung der Resultate

Perzentil nach korrekt beantworteten Fragen

Anzahl Personen mit jedem Resultat

Ihre Resultats-Entwicklung

Sie haben dieses Quiz noch nicht gespielt